书目信息 |
| 题名: |
手疗
|
|
| 作者: | 李莉 主编 | |
| 分册: | ||
| 出版信息: | 北京 科学出版社 2014 |
|
| 页数: | 230页 | |
| 开本: | 24cm | |
| 丛书名: | 中医优势治疗技术丛书 | |
| 单 册: | ||
| 中图分类: | R244.1 | |
| 科图分类: | ||
| 主题词: | 手--按摩疗法(中医) , 手 , 按摩疗法(中医) | |
| 电子资源: | ||
| ISBN: | 978-7-03-040036-9 | |
| 000 | 00858nam0 2200253 450 | |
| 001 | 142289 | |
| 005 | 20141220142923.50 | |
| 010 | @a978-7-03-040036-9@dCNY 45.00 | |
| 100 | @a20140514d2014 em y0chiy50 ea | |
| 101 | 0 | @achi |
| 102 | @aCN@b110000 | |
| 105 | @aa z 000yy | |
| 200 | 1 | @a手疗@9shou liao@b专著@f李莉主编 |
| 210 | @a北京@c科学出版社@d2014 | |
| 215 | @a230页@c图@d24cm | |
| 225 | 1 | @a中医优势治疗技术丛书@f周然,张俊龙总主编 |
| 330 | @a本书分为两篇,上篇为概论部分,介绍了该技术的学术源流、基本原理、药物(器具)制备、技术规范、操作规程、适应证和禁忌证、优势和注意事项。下篇以该技术在临床上疗效较好的病种为纲,着重介绍该技术的临床应用。 | |
| 606 | 0 | @a手@x按摩疗法(中医) |
| 606 | 0 | @a手 |
| 606 | 0 | @a按摩疗法(中医) |
| 690 | @aR244.1@v5 | |
| 701 | 0 | @a李莉@9li li@4主编 |
| 801 | 0 | @aCN@bZL@c20141220 |
| 905 | @a241430@dR244.1@eL203 | |
| 手疗/李莉主编.-北京:科学出版社,2014 |
| 230页:图;24cm.-(中医优势治疗技术丛书/周然,张俊龙总主编) |
| ISBN 978-7-03-040036-9:CNY 45.00 |
| 本书分为两篇,上篇为概论部分,介绍了该技术的学术源流、基本原理、药物(器具)制备、技术规范、操作规程、适应证和禁忌证、优势和注意事项。下篇以该技术在临床上疗效较好的病种为纲,着重介绍该技术的临床应用。 |
| ● |
| 相关链接 |
|
|
|
正题名:手疗
索取号:R244.1/L203
 
预约/预借
| 序号 | 登录号 | 条形码 | 馆藏地/架位号 | 状态 | 备注 |
| 1 | 1134484 | 211344847 | 自科库401/401自科库 10排2列3层/ [索取号:R244.1/L203] | 在馆 | |
| 2 | 1134485 | 211344856 | 自科库401/401自科库 10排2列3层/ [索取号:R244.1/L203] | 在馆 | |
| 3 | 1134486 | 211344865 | 自科库401/401自科库 10排2列3层/ [索取号:R244.1/L203] | 在馆 |